Top 5 comuni più popolosi per provincia - Emilia Romagna - Statistics

Statistiche generali
  • Questo quiz è stato fatto 138 volte
  • Il punteggio medio è 28 su 45
Statistiche sulle risposte
Provincia Comune N° abitanti % Corretto
Bologna Bologna 390.518
97%
Forlì-Cesena Forlì 117.210
95%
Imola 69.357
95%
Cesena 96.145
94%
Ferrara Ferrara 129.555
94%
Modena Modena 185.009
91%
Ravenna Ravenna 156.345
91%
Rimini Rimini 150.272
91%
Parma Parma 198.496
90%
Piacenza Piacenza 103.121
90%
Reggio Emilia Reggio Emilia 171.342
88%
Riccione 34.431
84%
Casalecchio di Reno 35.531
83%
Carpi 72.525
82%
Sassuolo 41.014
82%
Castel San Giovanni 14.219
81%
Cesenatico 25.945
79%
Faenza 58.844
79%
Fidenza 27.282
79%
Cento 35.414
69%
Comacchio 22.037
66%
Fiorenzuola d'Arda 14.964
66%
Cervia 28.824
65%
San Lazzaro di Savena 32.774
64%
Cattolica 16.620
60%
Forlimpopoli 13.105
57%
Lugo 32.267
56%
Argenta 21.088
55%
Bellaria-Igea Marina 19.478
48%
Santarcangelo di Romagna 22.254
48%
Salsomaggiore Terme 20.305
47%
Castelfranco Emilia 33.418
45%
Correggio 25.166
44%
Bagnacavallo 16.483
42%
Formigine 34.474
42%
Valsamoggia 31.953
40%
Savignano sul Rubicone 17.954
39%
Scandiano 25.877
36%
Copparo 15.717
30%
Collecchio 14.794
22%
Rottofreno 12.281
21%
Noceto 13.300
19%
Casalgrande 18.953
17%
Castellarano 15.254
16%
Podenzano 9.103
14%
Nessun quiz corrispondente trovato
Distribuzione punteggi
Percentuale di utenti per punteggio
Percentile per numero di risposta
I tuoi punteggi nel tempo
Non hai fatto questo quiz